Introduction to Nonlinear Optics / (Record no. 18789)

MARC details
000 -LEADER
fixed length control field 02367cam a22003014i 4500
001 - CONTROL NUMBER
control field 16569039
003 - CONTROL NUMBER IDENTIFIER
control field EG-ScBUE
005 - DATE AND TIME OF LATEST TRANSACTION
control field 20250612141321.0
008 - FIXED-LENGTH DATA ELEMENTS--GENERAL INFORMATION
fixed length control field 101206s2011 enkadk f b f001 0 eng d
020 ## - INTERNATIONAL STANDARD BOOK NUMBER
International Standard Book Number 9780521877015 (hardback)
040 ## - CATALOGING SOURCE
Original cataloging agency DLC
Language of cataloging eng
Description conventions rda
Transcribing agency DLC
Modifying agency DLC
-- EG-ScBUE
082 04 - DEWEY DECIMAL CLASSIFICATION NUMBER
Classification number 535.2
Edition number 22
Item number NEW
100 1# - MAIN ENTRY--PERSONAL NAME
Personal name New, Geoffrey
Fuller form of name (Geoffrey H. C.)
Relator term author.
9 (RLIN) 36952
245 10 - TITLE STATEMENT
Title Introduction to Nonlinear Optics /
Statement of responsibility, etc Geoffrey New.
264 #1 - PUBLICATION, DISTRIBUTION, ETC. (IMPRINT)
Place of publication, distribution, etc Cambridge, United Kingdom :
Name of publisher, distributor, etc Cambridge University Press,
Date of publication, distribution, etc 2011.
300 ## - PHYSICAL DESCRIPTION
Extent xv, 257 pages :
Other physical details charts, forms, tables ;
Dimensions 26 cm
336 ## - CONTENT TYPE
Source rdacontent
Content type term text
Content type code txt
337 ## - MEDIA TYPE
Media type term unmediated
Source rdamedia
Media type code n
338 ## - CARRIER TYPE
Carrier type term volume
Carrier type code nc
Source rdacarrier
500 ## - GENERAL NOTE
General note Includes appendixes.
504 ## - BIBLIOGRAPHY, ETC. NOTE
Bibliography, etc Includes bibliographical references and index.<br/>
505 8# - FORMATTED CONTENTS NOTE
Formatted contents note Machine generated contents note : 1. Introduction ; 2. Frequency mixing ; 3. Crystal optics ; 4. Nonlinear optics in crystals ; 5. Third-order nonlinear processes ; 6. Dispersion and optical pulses ; 7. Nonlinear optics with pulses ; 8. Some quantum mechanics ; 9. Resonant effects ; 10. High harmonic generation ; Appendices ; Answers to problems ; Book list ; References; Index.
520 ## - SUMMARY, ETC.
Summary, etc "Since the early days of nonlinear optics in the 1960s, the field has expanded dramatically, and is now a vast and vibrant field with countless technological applications. Providing a gentle introduction to the principles of the subject, this textbook is ideal for graduate students starting their research in this exciting area. After basic ideas have been outlined, the book offers a thorough analysis of second harmonic generation and related second-order processes, before moving on to third-order effects, the nonlinear optics of short optical pulses and coherent effects such as electromagnetically-induced transparency. A simplified treatment of high harmonic generation is presented at the end. More advanced topics, such as the linear and nonlinear optics of crystals, the tensor nature of the nonlinear coefficients and their quantum mechanical representation, are confined to specialist chapters so that readers can focus on basic principles before tackling these more difficult aspects of the subject"-
650 #7 - SUBJECT ADDED ENTRY--TOPICAL TERM
Topical term or geographic name as entry element Nonlinear optics.
Source of heading or term BUEsh
9 (RLIN) 6537
653 ## - INDEX TERM--UNCONTROLLED
Resource For college Engineering, Electrical
Arrived date list December2014
655 ## - INDEX TERM--GENRE/FORM
Form subdivision Reading book
9 (RLIN) 34232
942 ## - ADDED ENTRY ELEMENTS (KOHA)
Source of classification or shelving scheme Dewey Decimal Classification
Koha item type Book - Borrowing
Holdings
Withdrawn status Lost status Source of classification or shelving scheme Damaged status Not for loan Collection code Home library Current library Shelving location Date acquired Source of acquisition Cost, normal purchase price Serial Enumeration / chronology Total Checkouts Full call number Barcode Date last seen Cost, replacement price Price effective from Koha item type
    Dewey Decimal Classification     Baccah Central Library Central Library First floor 17/12/2014   450.00 21291   535.2 NEW 000037204 15/07/2025 563.00 17/12/2014 Book - Borrowing
    Dewey Decimal Classification     Baccah Central Library Central Library First floor 17/12/2014   450.00 21291   535.2 NEW 000037205 15/07/2025 563.00 17/12/2014 Book - Borrowing